| 000 | 00394nam a2200145 a 4500 | ||
|---|---|---|---|
| 001 | 579 | ||
| 003 | CDMR | ||
| 005 | 20130704121513.0 | ||
| 008 | 130130s1994||||||||||||||||||||||||||||d | ||
| 040 |
_aCDMR _bcat _cCPC GIRONA |
||
| 100 | 1 |
_aEckermann, Johann Peter _9428 |
|
| 245 | 1 | 0 |
_aConverses amb Goethe en els darrers anys de la seva vida _cEckermann, J.P. |
| 260 |
_c1994 _bColumna |
||
| 942 |
_cMON _2udc |
||
| 999 |
_c579 _d579 |
||